| 000 | 00899nam a22002057a 4500 | ||
|---|---|---|---|
| 003 | DO-SdBNP | ||
| 005 | 20220425112047.0 | ||
| 007 | ta | ||
| 008 | 110301s2011 dr a 000 0 spa d | ||
| 040 |
_aDO-SdBNP _bspa _cBNPHU |
||
| 082 | 4 |
_axxx _bxxx |
|
| 100 | 1 | _953018 | |
| 245 | 0 | 0 |
_aRetiro para descubrir con el Señor y la comunidad nuestra historia de salvación personal, familiar y de nuestro pueblo : _bconclusión de la primera unidad del discipulado sobre la historia de salvación / |
| 260 |
_aSanto Domingo : _bPlan Nacional de Pastoral, _bInstituto Nacional de Pastoral _c2011. |
||
| 300 |
_a128 p. : _bil., _c22 cm. |
||
| 500 | _aCon el apoyo de: Conferencia del Episcopado Dominicano. Comisión Nacional de la Misión Continental. Comisión Nacional de Catequesis. Instituto Nacional de Pastoral. | ||
| 590 | _aInventariado, 2022/ YL | ||
| 910 | _aYLockward | ||
| 942 |
_2ddc _cLBS1 |
||
| 999 |
_c51571 _d51571 |
||